000 01851cam a22004814i 4500
003 PE-LiUPU
005 20250731172757.0
008 150617s r 000 0 d
020 _a8470202189
035 _a(Sirsi) i9788470202186
040 _aPE-LiUPU
_bspa
_cPE-LiUPU
_erda
049 _aPRUA
082 0 4 _a241.5
_bS21
_221
100 1 _aSánchez García, Urbano,
_eautor.
245 1 3 _aLa opción del cristiano :
_bSíntesis actualizada de moral especial (2a.). Humanizar el mundo por la corresponsabilidad en Cristo, la verdad, la vida, la justicia, la libertad y la paz fraterna /
_cUrbano Sánchez García.
264 1 _aMadrid :
_bSociedad de Educación Atenas,
_c1986.
300 _a482 páginas ;
_c21 centímetros
336 _atext
_2rdacontent
337 _aunmediated
_2rdamedia
338 _avolume
_2rdacarrier
490 0 _aSíntesis ;
_v3/3
504 _aIncluye bibliografía.
505 0 _aOpción por un mundo humanizado -- Opción por la verdad y la propia cultura -- Opción por una vida digna -- Opción por la justicia social -- Opción por la libertad política -- Opción por la paz.
526 _aSEG42
526 _aSEG41
526 _aSEG40
526 _aSEG39
526 _aP94
526 _aP87
526 _aP86
526 _aP85
526 _aP77
526 _aP76
526 _aP35
650 0 4 _aTeología moral (Cristianismo).
910 _ajck
_bjvq
_cjck
_d20150616
942 _2ddc
_cBOOK
949 _a241.5 S21
_wDEWEY
_c1
_i28712
_lCCODEBUL1
_mBUL
_r0
_sY
_tBOOK
_u2015-4-22
_xTEOLOGIA
_PP35
_0COMPRA
_o.STAFF. Colección General
994 _aC0
_bPEPRU
596 _a1
999 _a241.5 S21
_wDEWEY
_c3126
_i28712
_f2021-11-10
_g5
_lCCODEBUL1
_mBUL
_r0
_sY
_tBOOK
_u2015-4-22
_xTEOLOGIA
_PP35
_0COMPRA
_o.STAFF. Colección General
_d3126
980 _81
_gALBERTO SANCHEZ Responsable de Automatización